Prussia A-Z - Statistics

General Stats
  • This quiz has been taken 68 times
    61 since last reset
  • The average score is 11 of 26
Answer Stats
Clue Answer % Correct
B Capital Berlin
98%
R Country that occupied Eastern Prussia during the Seven Years War Russia
75%
H Dynasty that ruled Prussia 1525-1918 Hohenzollern
69%
U Prussian Ally during the Seven Years War United kingdom
67%
S Territory gained in three wars in 1740-63 Silesia
63%
K Capital of the Duchy of Prussia Königsberg
60%
G Prussian Colony at the Goldcoast 1683-1717 Groß Friedrichsburg
50%
Q German concession in China that was explored by a prussian fleet 1860 Qingdao
48%
T Country that was secularized 1525 and became Prussia Teutonic Order
46%
C Protestant Denomination of the prussian Kings until 1817 Calvinism
44%
I Official Title of the prussian Kings 1701-72: König __ _______ in Preußen
42%
E Popular name of the prussian Ruler from 1640-88: The Great _________ Elector
40%
N Territory lost to Denmark 1920 Nordschleswig
38%
P Province of Prussia that is the furthest East 1829-78 Preußen
38%
D Popular name of Friedrich II. Der alte Fritz
37%
J Name either the Prussian Duke from 1603-08 or from 1608-1619 Joachim Friedrich/ Johann Sigismund
37%
O Province of Prussia 1815-29 and 1878-1945 Ostpreußen
35%
L Territory gained in the Second Schleswig War (Deutsch-Dänischer Krieg) Lauenburg
33%
W Region in which the prussian County of Mark is located Westphalia
33%
F Name of four prussian Kings and the Above Friedrich Wilhelm
29%
Z Treaty between Great Britain and the German Empire 1890 in which Prussia gained Heligoland: Heligoland-________-Treaty Zanzibar
25%
X Prussian Town at the Lower Rhine Xanten
21%
M Duchy that became prussian in 1680 Magdeburg
19%
Y Prussian Generalfeldmarschall who played a major Role in the Liberation Wars (Befreiungskriege) Yorck von Wartenburg
17%
A Patron of the Duchy of Prussia Adalbert von Prag
15%
V Period of prussian and german history 1830-48 Vormärz
15%
No matching quizzes found
Score Distribution
Percent of People with Each Score
Percentile by Number Answered
Your Score History
You have not taken this quiz since the last reset